000 01065nas a2200229 454500
001 26529
005 20260407193507.0
008 260407s1969####ag###########|||spa#d
003 AR-UNSa-BCEJYS
040 _aAR-UNSa-BCEJYS
_bspa
_cAR-UNSa-BCEJYS
080 _a311.3
_xOrganización general de las estadisticas. Estadística oficial
245 1 0 _aIntercambio comercial argentino según N.A.B.
_pEstadística mensual
264 1 _aBuenos Aires :
_bINDEC
_c1969
310 _aCambia de título a partir de Enero de 1971 por Intercambio comercial argentino Cambia de título a partir de Enero de 1973 por Intercambio comercial Frecuencia: Mensual
942 _cSER
590 _aniveau_biblio:s niveau_hierar:1
100 1 _aInstituto Nacional de Estadística y Censos (INDEC)
650 _aExportación/importación
650 _aDatos estadísticos
650 _aCOMERCIO EXTERIOR
856 4 1 _uhttps://biblioeco.unsa.edu.ar/pmb/images/revistas/Intercambio comercial Argentina. Instituto Nacional de Estad?stica y Censos (INDEC).jpg
_yImagen de portada
_qimage/jpeg
999 _c8610
_d8610